000 00440nam a2200145Ia 4500
008 231129s2001||||xx |||||||||||||| ||spa||
020 _a958-9181-55-4
040 _bspa
082 _a613 R436p
100 _aRestrepo Helena E.
245 0 _aPromoción de la salud: Cómo construir vida saludable
260 _c2001
264 _aBogotá Colombia : Editorial Medica Panamericana
942 _2ddc
_cBKS
999 _c23362
_d23362